| 000 | 00430nam a22001697a 4500 | ||
|---|---|---|---|
| 005 | 20180808150946.0 | ||
| 008 | 160630b xxu||||| |||| 00| 0 eng d | ||
| 020 | _a81-219-0868-X | ||
| 041 | _aeng | ||
| 082 | _b19769 | ||
| 100 |
_aKHURMI, R S ANF GUPTA, J.K. _94730 |
||
| 245 | _aWorkshop Technology | ||
| 260 |
_aNew Delhi _bSultan Chand & Sons, _c2014 |
||
| 300 | _a542p, | ||
| 650 |
_aDiploma Engineering _9817 |
||
| 942 | _cBK | ||
| 999 |
_c4927 _d4925 |
||